000 00292nam a2200109 a 4500
008 120712s2011|||| d
245 1 0 _aDvesto rokov svidnického regiónu v dátumoch
260 _bPodduklianská knižnica
_aSvidník
_c2011
020 _c3,30
041 _aslo
044 _axo
_cSK
999 _c20185
_d20185